Reforming the labor market in a liberalized economy / (Registro nro. 11806)

Detalles MARC
000 -LEADER
fixed length control field 01375cam a2200265 a 4500
001 - CONTROL NUMBER
control field 1619227
003 - CONTROL NUMBER IDENTIFIER
control field OSt
005 - DATE AND TIME OF LATEST TRANSACTION
control field 20210526141030.0
008 - FIXED-LENGTH DATA ELEMENTS--GENERAL INFORMATION
fixed length control field 951205s1995 dcua b i000 0 eng
020 ## - INTERNATIONAL STANDARD BOOK NUMBER
International Standard Book Number 0940602962
040 ## - CATALOGING SOURCE
Original cataloging agency DLC
Transcribing agency CO-JMCR
041 0# - LANGUAGE CODE
Language code of text/sound track or separate title eng
082 ## - DEWEY DECIMAL CLASSIFICATION NUMBER
Classification number 330.072 /
Item number M939r
Edition number 23
100 1# - MAIN ENTRY--PERSONAL NAME
Personal name Márquez, Gustavo,
Relator term autor
9 (RLIN) 37926
245 00 - TITLE STATEMENT
Title Reforming the labor market in a liberalized economy /
Statement of responsibility, etc. Gustavo Márquez
260 ## - PUBLICATION, DISTRIBUTION, ETC.
Place of publication, distribution, etc. Washington, D.C. :
-- Baltimore, MD :
Name of publisher, distributor, etc. Inter-American Development Bank ;
-- distributed by the Johns Hopkins University Press,
Date of publication, distribution, etc. 1995.
300 ## - PHYSICAL DESCRIPTION
Extent 247 páginas :
Other physical details ilustraciones
Dimensions 23 cm.
504 ## - BIBLIOGRAPHY, ETC. NOTE
Bibliography, etc. note Bibliografía : páginas 233-237.
505 0# - FORMATTED CONTENTS NOTE
Title Brazil. /
Statement of responsibility Edward Amadeo ; Ricardo Paes e Barros ; José Márcio Camargo ; Rosane Mendonca. -- 0
Title Chile. /
Statement of responsibility Pilar Romaguera ; Cristián Echavarría ; Pablo González. --
Title Uruguay. /
Statement of responsibility Adriana Cassoni ; Gastón J. Labadie ; Steve Allen. --
Title Venezuela. /
Statement of responsibility Samuel Freije Rodríguez ; Keila Betancourt ; Gustavo Márquez.
650 14 - SUBJECT ADDED ENTRY--TOPICAL TERM
Topical term or geographic name entry element Labor market
Geographic subdivision South America
General subdivision Case studies.
9 (RLIN) 37927
650 24 - SUBJECT ADDED ENTRY--TOPICAL TERM
Topical term or geographic name entry element Labor policy
Geographic subdivision South America
General subdivision Case studies.
9 (RLIN) 37928
856 42 - ELECTRONIC LOCATION AND ACCESS
Materials specified Contributor biographical information
Uniform Resource Identifier <a href="http://www.loc.gov/catdir/bios/jhu052/95081294.html">http://www.loc.gov/catdir/bios/jhu052/95081294.html</a>
856 42 - ELECTRONIC LOCATION AND ACCESS
Materials specified Publisher description
Uniform Resource Identifier <a href="http://www.loc.gov/catdir/description/jhu051/95081294.html">http://www.loc.gov/catdir/description/jhu051/95081294.html</a>
942 ## - ADDED ENTRY ELEMENTS (KOHA)
Source of classification or shelving scheme Dewey Decimal Classification
Koha item type Books
Existencias
Withdrawn status Lost status Source of classification or shelving scheme Damaged status Not for loan Home library Current library Shelving location Date acquired Source of acquisition Full call number Barcode Date last seen Copy number Price effective from Koha item type
    Dewey Decimal Classification     Biblioteca Pública José María del Castillo y Rada Biblioteca Pública José María del Castillo y Rada General Stacks 04/15/2018 Donación 330.072 / M939r 430002771 05/16/2024 Ej.1 03/10/2021 Books